[Event "ICS Rated blitz match"]
[Site "204.178.125.65"]
[Date "2001.01.13"]
[Round "?"]
[White "lebon"]
[Black "Hossa"]
[Result "1/2-1/2"]
[WhiteElo "2707"]
[BlackElo "2583"]
[PlyCount "155"]
[EventDate "2001.??.??"]

1. e4 e6 2. d3 d5 3. Nd2 Nc6 4. Qe2 Nf6 5. Ngf3 Be7 6. g3 dxe4 7. dxe4 Nb4 8.
Nb3 b6 9. c3 Ba6 10. Qd2 Qxd2+ 11. Nbxd2 Nc2+ 12. Kd1 Nxa1 13. Bxa6 Kf8 14. b3
Rd8 15. Re1 Bc5 16. Re2 b5 17. Bxb5 a6 18. Bc4 Ng4 19. Bb2 Nxf2+ 20. Kc1 a5 21.
Bxa1 Ng4 22. Bb2 c6 23. a3 Bb6 24. b4 axb4 25. cxb4 Nf2 26. Kc2 Ng4 27. Nf1 Rc8
28. h3 Nf2 29. Ne5 Rc7 30. h4 h5 31. a4 Ba7 32. a5 Rh6 33. Nd2 Rh8 34. Nb3 Nh1
35. Rg2 Ke7 36. Nd4 Rhc8 37. Ba6 c5 38. Nb5 cxb4+ 39. Nxc7 Rxc7+ 40. Kb3 Nf2
41. Bd3 f6 42. Rxf2 Bxf2 43. Ng6+ Kf7 44. Nf4 Bxg3 45. Nxh5 Bxh4 46. Nf4 Bg5
47. Ne2 Bd2 48. Nd4 e5 49. Nb5 Rc6 50. Bc4+ Kg6 51. Bd5 Rc5 52. Bc4 f5 53.
exf5+ Kf6 54. a6 Rc8 55. a7 Be3 56. Bd5 Bxa7 57. Nxa7 Rc7 58. Nc6 Kxf5 59. Nxe5
Rc5 60. Bc4 Rxe5 61. Bxe5 Kxe5 62. Kxb4 Kf5 63. Be2 Kg5 64. Kc3 Kh4 65. Kd4 Kg3
66. Ke3 Kh3 67. Bd1 Kh4 68. Be2 Kg5 69. Kf2 Kh6 70. Kg1 Kh7 71. Bd1 Kh8 72. Be2
Kg8 73. Kg2 Kh7 74. Kg3 Kh8 75. Kg4 Kg8 76. Kg5 Kh7 77. Bc4 Kh8 78. Kg6 {
Hossa stalemated} 1/2-1/2

[Event "ICS rated standard match"]
[Site "204.178.125.65"]
[Date "2001.01.13"]
[Round "?"]
[White "Hossa"]
[Black "PikachuPym"]
[Result "1-0"]
[WhiteElo "2334"]
[BlackElo "1907"]
[PlyCount "45"]
[EventDate "2001.??.??"]

1. e4 e6 2. d4 d5 3. Nc3 Bb4 4. e5 c5 5. Bd2 Bxc3 6. Bxc3 Nc6 7. Qg4 Kf8 8.
dxc5 Qe7 9. Nf3 Qxc5 10. Bd3 Nge7 11. O-O Ng6 12. Rfd1 a5 13. Qg5 b5 14. Bd4
Qe7 15. Qxe7+ Ngxe7 16. Bxb5 Nxd4 17. Nxd4 Ng6 18. Re1 Rb8 19. a4 Bb7 20. c3
Ne7 21. b4 Rc8 22. Rac1 Ng6 23. bxa5 {PikachuPym resigns} 1-0

[Event "ICS rated blitz match"]
[Site "204.178.125.65"]
[Date "2001.01.13"]
[Round "?"]
[White "Hossa"]
[Black "Amateur"]
[Result "0-1"]
[WhiteElo "2588"]
[BlackElo "2581"]
[PlyCount "132"]
[EventDate "2001.??.??"]

1. e4 c5 2. d4 cxd4 3. Qxd4 Nc6 4. Qd3 e6 5. Nc3 Bc5 6. Qg3 Nb4 7. Qxg7 Qh4 8.
g3 Qf6 9. Qxf6 Nxf6 10. Bd3 Ng4 11. Nh3 Ne5 12. Nb5 Nexd3+ 13. cxd3 O-O 14. Bh6
Nc2+ 15. Ke2 Nxa1 16. Bxf8 Kxf8 17. Rxa1 a6 18. d4 axb5 19. dxc5 Ra4 20. Ng5 h6
21. b3 Rb4 22. Nf3 Rxe4+ 23. Kd3 f5 24. h3 Ke7 25. Rd1 e5 26. Kd2 Ke6 27. a3 d5
28. cxd6 b6 29. Rc1 Bd7 30. Rc2 Kxd6 31. Kc3 Be6 32. Rd2+ Kc5 33. Kb2 b4 34. a4
Kc6 35. Ka2 Kc5 36. Rc2+ Kd5 37. Kb2 Kd6 38. h4 Bf7 39. Ka2 Kd5 40. Kb1 Bh5 41.
Nd2 Re1+ 42. Kb2 Bd1 43. Rc1 e4 44. Kb1 Kd4 45. Nc4 Kd3 46. Ne3 Ke2 47. Kb2
Kxf2 48. Nxd1+ Kxg3 49. Kb1 f4 50. Nb2 Rxc1+ 51. Kxc1 Kg2 52. Kd1 Kf1 53. Kc2
e3 54. Nc4 e2 55. Kd3 e1=Q 56. Kd4 f3 57. Ne5 Ke2 58. Nxf3 Qc3+ 59. Kd5 Qxb3+
60. Kd6 Qxf3 61. Kc7 b3 62. Kxb6 b2 63. Kc5 b1=Q 64. Kd6 Qg6+ 65. Ke7 Qff7+ 66.
Kd8 Qgg8# {Hossa checkmated} 0-1

[Event "ICS rated blitz match"]
[Site "204.178.125.65"]
[Date "2001.01.13"]
[Round "?"]
[White "Amateur"]
[Black "Hossa"]
[Result "0-1"]
[WhiteElo "2597"]
[BlackElo "2572"]
[PlyCount "204"]
[EventDate "2001.??.??"]

1. e4 c5 2. Nc3 Nc6 3. Nf3 e5 4. Bc4 Be7 5. d3 d6 6. Nd2 Nf6 7. Nf1 O-O 8. Ne3
Na5 9. Bd5 Be6 10. O-O Nc6 11. a3 Re8 12. Bd2 Nd4 13. Bxe6 fxe6 14. Ng4 Rf8 15.
Rc1 Nd7 16. Ne3 Qe8 17. Ne2 Qf7 18. Ng3 d5 19. c3 Nc6 20. exd5 exd5 21. Nef5
Kh8 22. b4 Qe6 23. b5 Nd8 24. Nxe7 Qxe7 25. c4 dxc4 26. Rxc4 Ne6 27. a4 Nd4 28.
Ne4 b6 29. Bg5 Qe6 30. Qh5 Qf5 31. Qh4 a6 32. bxa6 Rxa6 33. Rd1 Rfa8 34. Nc3
Qg6 35. Qh3 Qxg5 36. Qxd7 R6a7 37. Qd6 Rb7 38. Qd5 Rbb8 39. Nb5 Qg4 40. f3 Qf4
41. Re1 Qd2 42. Qxe5 Qxd3 43. Rc3 Qd2 44. Rce3 Rg8 45. Nd6 Rgf8 46. Ne8 Nf5 47.
Re4 Ra7 48. Rf4 Rff7 49. Nc7 h6 50. Ne6 Nd4 51. Rfe4 Nc6 52. Qh5 Rfe7 53. Qg6
Rxa4 54. R4e2 Qd5 55. Nf8 Kg8 56. Rxe7 Nxe7 57. Qe8 Ra8 58. Qxe7 Rxf8 59. Re5
Qd8 60. Qe6+ Kh7 61. Qc4 Qd2 62. Qe4+ Kg8 63. Re8 Qc1+ 64. Kf2 Qb2+ 65. Kg3
Rxe8 66. Qxe8+ Kh7 67. Qe4+ g6 68. Qb7+ Qg7 69. Qxb6 Qe7 70. Qc6 Kg7 71. Kh3 h5
72. g3 Kf7 73. g4 Qe5 74. Kg2 Qe2+ 75. Kg3 hxg4 76. Qc7+ Qe7 77. Qxe7+ Kxe7 78.
fxg4 g5 79. Kf3 Kd7 80. h3 Kd6 81. Ke4 Ke6 82. Kd3 Ke5 83. Ke3 c4 84. Kf3 c3
85. Ke3 c2 86. Kd2 Kf4 87. Kxc2 Kg3 88. Kd2 Kxh3 89. Ke2 Kxg4 90. Ke3 Kg3 91.
Ke4 g4 92. Ke3 Kh2 93. Ke4 g3 94. Ke3 g2 95. Kf3 g1=Q 96. Ke4 Qc5 97. Kf4 Kh3
98. Ke4 Kg4 99. Kd3 Kf3 100. Kd2 Qc4 101. Kd1 Ke3 102. Ke1 Qc1# {
Amateur checkmated} 0-1

[Event "ICS rated blitz match"]
[Site "204.178.125.65"]
[Date "2001.01.13"]
[Round "?"]
[White "Hossa"]
[Black "Amateur"]
[Result "0-1"]
[WhiteElo "2589"]
[BlackElo "2580"]
[PlyCount "140"]
[EventDate "2001.??.??"]

1. e4 c5 2. c3 Nf6 3. e5 Nd5 4. Nf3 Nc6 5. d4 cxd4 6. cxd4 e6 7. Nc3 Qa5 8. Bd2
Nxc3 9. bxc3 d6 10. exd6 Qf5 11. Be3 Bxd6 12. Bd3 Qg4 13. O-O f5 14. Be2 f4 15.
Bc1 O-O 16. Re1 Ne7 17. Bb2 Ng6 18. Qb3 Rf6 19. Bc4 Ne7 20. Qb5 Qg6 21. Bd3 a6
22. Bxg6 axb5 23. Bd3 Ba3 24. Re2 Nd5 25. Rc1 Bd6 26. Ba1 Bd7 27. Bb1 Rh6 28.
Ne5 Bc6 29. Rce1 Nc7 30. f3 Bd5 31. Rb2 Rh5 32. Rf2 Rxe5 33. dxe5 Bc5 34. Ree2
Bc4 35. Rd2 Nd5 36. g4 Be3 37. h4 b4 38. cxb4 Nxb4 39. Rb2 Nxa2 40. Rxb7 Bd5
41. Rd7 Bxf3 42. g5 Nc1 43. Bb2 Rb8 44. Bxh7+ Kxh7 45. Bxc1 Rb1 46. Rc7 Be4 47.
Rc4 Bd5 48. Rc3 Bxc1 49. Rf1 Bb2 50. Rxb1 Bxc3 51. h5 Bxe5 52. Rb4 Bd6 53. Ra4
Bc5+ 54. Kf1 f3 55. Ke1 e5 56. Kd2 Be7 57. Ke1 Bxg5 58. Rb4 Kh6 59. Kf2 Kxh5
60. Kg3 Be3 61. Rh4+ Kg5 62. Rg4+ Kf5 63. Rb4 f2 64. Rb1 Bc4 65. Rb8 Bc5 66.
Rh8 f1=Q 67. Rh1 Qf2+ 68. Kh3 Kf4 69. Rg1 Be6+ 70. Rg4+ Bxg4# {Hossa checkmated
} 0-1

[Event "ICS rated blitz match"]
[Site "204.178.125.65"]
[Date "2001.01.13"]
[Round "?"]
[White "PostModernist"]
[Black "Hossa"]
[Result "1-0"]
[WhiteElo "2497"]
[BlackElo "2573"]
[PlyCount "121"]
[EventDate "2001.??.??"]

1. d4 Nf6 2. c4 g6 3. Nc3 Bg7 4. Nf3 O-O 5. e4 d6 6. Be2 e5 7. Be3 Ng4 8. Bg5
f6 9. Bh4 c6 10. d5 Na6 11. Nd2 Qd7 12. O-O Rb8 13. Bg3 Ra8 14. dxc6 bxc6 15.
Nb3 f5 16. exf5 gxf5 17. Bf3 Bb7 18. Re1 Rae8 19. a4 Rf7 20. Ne4 Bf8 21. Bh4
Nxh2 22. Nf6+ Rxf6 23. Bxf6 Re6 24. Kxh2 Rxf6 25. Rxe5 Qf7 26. Re2 Qxc4 27. Na5
Qh4+ 28. Kg1 Rh6 29. g3 Qh2+ 30. Kf1 Bc8 31. Qb3+ d5 32. Nxc6 Be6 33. Rxe6 Rxe6
34. Bxd5 Kh8 35. Nb8 Qh3+ 36. Kg1 Rf6 37. Nxa6 f4 38. Qc3 Bg7 39. Bg2 Qf5 40.
Rd1 Rd6 41. Qe1 Rxd1 42. Qxd1 Bxb2 43. Qd8+ Kg7 44. Qc7+ Kf6 45. gxf4 Qb1+ 46.
Kh2 Qf5 47. Nc5 Qh5+ 48. Bh3 Ba3 49. Ne4+ Kg6 50. Ng5 Kf6 51. Qe5+ Kg6 52. f5+
Kxg5 53. f4+ Kh6 54. Qf6+ Qg6 55. fxg6 Bb2 56. Qg5+ Kg7 57. gxh7+ Kf7 58. Qf5+
Ke7 59. Qd7+ Kf8 60. Be6 a6 61. Qf7# {Hossa checkmated} 1-0

[Event "ICS rated blitz match"]
[Site "204.178.125.65"]
[Date "2001.01.13"]
[Round "?"]
[White "Hossa"]
[Black "PostModernist"]
[Result "0-1"]
[WhiteElo "2554"]
[BlackElo "2516"]
[PlyCount "68"]
[EventDate "2001.??.??"]

1. d4 d5 2. Nf3 Nf6 3. e3 c6 4. Bd3 Bg4 5. c4 Nbd7 6. cxd5 Nxd5 7. h3 Bxf3 8.
Qxf3 e5 9. O-O Bd6 10. Nc3 Qf6 11. Qg4 Nxc3 12. bxc3 h5 13. Qe2 O-O-O 14. Qb2
g5 15. a4 exd4 16. cxd4 g4 17. Rb1 b6 18. Qc2 Bc7 19. Ba6+ Kb8 20. h4 Qxh4 21.
g3 Qf6 22. Bb2 Rh6 23. a5 h4 24. axb6 Nxb6 25. e4 Qg6 26. Bc1 Rh5 27. Qd3 hxg3
28. fxg3 Qg7 29. Bb2 Rh3 30. Qc2 Qh6 31. Be2 Qe3+ 32. Rf2 Rdh8 33. Bxg4 Rxg3+
34. Kf1 Rh1# {Hossa checkmated} 0-1

[Event "ICS rated blitz match"]
[Site "204.178.125.65"]
[Date "2001.01.13"]
[Round "?"]
[White "PostModernist"]
[Black "Hossa"]
[Result "1-0"]
[WhiteElo "2534"]
[BlackElo "2536"]
[PlyCount "137"]
[EventDate "2001.??.??"]

1. e4 e6 2. d4 d5 3. Nd2 a6 4. Ngf3 c5 5. exd5 exd5 6. dxc5 Bxc5 7. Nb3 Ba7 8.
Bd3 Nc6 9. c3 Qe7+ 10. Qe2 Qxe2+ 11. Bxe2 Nf6 12. O-O O-O 13. Bf4 Re8 14. Rae1
Bf5 15. h3 Re4 16. Bg5 Rae8 17. Nc1 Nh5 18. Kh1 R4e6 19. Bd2 Nf6 20. Ng5 R6e7
21. Bd3 Ne4 22. Rd1 Nxd2 23. Rxd2 Bxd3 24. Nxd3 f6 25. Nf3 Re4 26. Rc1 Bb6 27.
g4 g5 28. Kg2 Kg7 29. b3 R4e7 30. a4 Kg6 31. Rcd1 Rc7 32. Nb4 Nxb4 33. cxb4 Re4
34. a5 Ba7 35. b5 axb5 36. Rxd5 Rc2 37. Nd4 Rb2 38. Nxb5 Rxf2+ 39. Kh1 Bb8 40.
Rd8 Be5 41. Kg1 Rf3 42. R1d3 Ref4 43. Rxf3 Rxf3 44. Nd4 Bxd4+ 45. Rxd4 Rxh3 46.
Rb4 Rh4 47. Kg2 h6 48. Kg3 h5 49. gxh5+ Kxh5 50. Rxh4+ gxh4+ 51. Kf4 Kg6 52. b4
h3 53. Kg3 Kf5 54. b5 Ke5 55. a6 b6 56. a7 f5 57. a8=Q h2 58. Kxh2 Kd4 59. Qc6
Ke5 60. Kg3 Kd4 61. Kf4 Kd3 62. Qxb6 Kc4 63. Kxf5 Kd3 64. Qc7 Ke3 65. Qc3+ Kf2
66. Kf4 Ke2 67. Qc2+ Kf1 68. Kf3 Kg1 69. Qg2# {Hossa checkmated} 1-0

[Event "ICS rated blitz match"]
[Site "204.178.125.65"]
[Date "2001.01.13"]
[Round "?"]
[White "Fantastickflank"]
[Black "Hossa"]
[Result "0-1"]
[WhiteElo "1912"]
[BlackElo "2520"]
[PlyCount "78"]
[EventDate "2001.??.??"]

1. e4 c5 2. Nf3 d6 3. d4 cxd4 4. Nxd4 Nf6 5. Nc3 a6 6. Be3 e6 7. Be2 Be7 8. O-O
O-O 9. Qd2 b5 10. a3 Bb7 11. f3 Nbd7 12. Rad1 Nc5 13. Nb3 Nxb3 14. cxb3 d5 15.
exd5 Nxd5 16. Nxd5 Bxd5 17. b4 Bb3 18. Qxd8 Rfxd8 19. Rxd8+ Bxd8 20. Rc1 Bf6
21. Kf2 g6 22. Bd2 Bxb2 23. Rb1 Bd4+ 24. Be3 Bxe3+ 25. Kxe3 Bd5 26. Rc1 Kg7 27.
g3 Rd8 28. f4 h6 29. h4 h5 30. Rc3 Kf6 31. Bd3 e5 32. fxe5+ Kxe5 33. Rc7 f5 34.
Re7+ Kf6 35. Ra7 Rd6 36. Rc7 Re6+ 37. Kd4 Be4 38. Be2 Ba8 39. Rc1 Rxe2 {
Fantastickflank resigns} 0-1

[Event "ICS rated blitz match"]
[Site "204.178.125.65"]
[Date "2001.01.13"]
[Round "?"]
[White "Hossa"]
[Black "Fantastickflank"]
[Result "1-0"]
[WhiteElo "2521"]
[BlackElo "1911"]
[PlyCount "25"]
[EventDate "2001.??.??"]

1. e4 d5 2. exd5 Nf6 3. Nf3 Bg4 4. Bb5+ Nbd7 5. Nc3 a6 6. Bxd7+ Qxd7 7. h3 Bh5
8. g4 Bg6 9. Ne5 Qd6 10. Nxg6 hxg6 11. Qf3 O-O-O 12. d3 Qxd5 13. Nxd5 {
Fantastickflank resigns} 1-0

[Event "ICS rated blitz match"]
[Site "204.178.125.65"]
[Date "2001.01.13"]
[Round "?"]
[White "Fantastickflank"]
[Black "Hossa"]
[Result "0-1"]
[WhiteElo "1910"]
[BlackElo "2522"]
[PlyCount "68"]
[EventDate "2001.??.??"]

1. e4 c5 2. Nf3 Nc6 3. d4 cxd4 4. Nxd4 e6 5. c4 Qh4 6. Nc3 Bb4 7. Qd3 Nf6 8.
Nxc6 dxc6 9. Bd2 O-O 10. g3 Qh5 11. Bg2 Qa5 12. O-O Rd8 13. Qe2 e5 14. a3 Bxc3
15. Bxc3 Qc7 16. Rad1 Bg4 17. f3 Be6 18. c5 Nd7 19. b4 b6 20. cxb6 axb6 21. Bb2
Bb3 22. Rc1 b5 23. f4 Bc4 24. Rxc4 bxc4 25. Qxc4 Nb6 26. Qb3 Qa7 27. Kh1 exf4
28. Rxf4 Na4 29. Ba1 Qd7 30. h4 Ra7 31. Kh2 Qd2 32. Rg4 g6 33. h5 Rd3 34. hxg6
Rxb3 {Fantastickflank resigns} 0-1

[Event "ICS rated blitz match"]
[Site "204.178.125.65"]
[Date "2001.01.13"]
[Round "?"]
[White "Hossa"]
[Black "kondor"]
[Result "1-0"]
[WhiteElo "2523"]
[BlackElo "1928"]
[PlyCount "51"]
[EventDate "2001.??.??"]

1. e4 c6 2. d4 d5 3. Nc3 dxe4 4. Nxe4 Bf5 5. Ng3 h5 6. Nxf5 Qa5+ 7. c3 Qxf5 8.
Nf3 Nf6 9. Bd3 Qg4 10. O-O h4 11. h3 Qc8 12. Bg5 Nbd7 13. Bxh4 e6 14. Bg3 Be7
15. Qd2 c5 16. Rfd1 c4 17. Bc2 Nh5 18. Bh2 Qc6 19. Ne5 Nxe5 20. dxe5 g5 21. Qe2
Nf4 22. Bxf4 gxf4 23. Qg4 Rh4 24. Qg8+ Bf8 25. Rd6 Qc5 26. Bg6 {kondor resigns}
1-0

[Event "ICS rated blitz match"]
[Site "204.178.125.65"]
[Date "2001.01.13"]
[Round "?"]
[White "Hossa"]
[Black "slawik"]
[Result "1-0"]
[WhiteElo "2527"]
[BlackElo "2243"]
[PlyCount "57"]
[EventDate "2001.??.??"]

1. e4 e5 2. Nf3 Nc6 3. d4 exd4 4. Nxd4 d6 5. Nxc6 bxc6 6. Bd3 Be7 7. O-O Bf6 8.
c3 Ne7 9. Be3 O-O 10. Nd2 c5 11. f4 Nc6 12. e5 dxe5 13. Be4 Bd7 14. fxe5 Nxe5
15. Bxa8 Qxa8 16. Bxc5 Rd8 17. Qe2 Qd5 18. Nb3 Bg4 19. Qa6 Nd3 20. Qxa7 Be2 21.
Rxf6 gxf6 22. Qxc7 Re8 23. Bd4 Qg5 24. Qc6 Re6 25. Qc8+ Kg7 26. Nc5 Rd6 27. Ne4
Qg4 28. Qxg4+ Bxg4 29. Nxd6 {slawik resigns} 1-0

[Event "ICS Rated standard match"]
[Site "204.178.125.65"]
[Date "2001.01.13"]
[Round "?"]
[White "Hossa"]
[Black "DeMilis"]
[Result "0-1"]
[WhiteElo "2337"]
[BlackElo "2162"]
[PlyCount "152"]
[EventDate "2001.??.??"]

1. e4 c5 2. Nc3 Nc6 3. g3 g6 4. Bg2 Bg7 5. d3 d6 6. f4 Bd7 7. Nf3 Nf6 8. e5
dxe5 9. Nxe5 Nxe5 10. fxe5 Ng4 11. Bxb7 Bxe5 12. Qe2 Rb8 13. Bf3 Bxc3+ 14. bxc3
h5 15. O-O O-O 16. Bg2 Be6 17. h3 Nf6 18. Bh6 Re8 19. Qf2 Qd7 20. Kh2 Rb2 21.
Rac1 c4 22. d4 Rxa2 23. Rce1 a5 24. Ra1 Rxa1 25. Rxa1 a4 26. Qf1 Rb8 27. Bg5
Rb2 28. Qc1 Rb6 29. Bxf6 exf6 30. Qf4 Kg7 31. Rf1 Bd5 32. Bxd5 Qxd5 33. Ra1 Rb2
34. Qc1 Rb6 35. Qf4 Re6 36. Qf2 Qc6 37. Kg1 Qe8 38. Rf1 f5 39. Qf4 a3 40. d5
Re4 41. Qd2 Qe5 42. Kf2 Qd6 43. Rh1 Re5 44. Qd4 Qxd5 45. Ra1 Qxd4+ 46. cxd4 Ra5
47. Ra2 Kf6 48. h4 Ke6 49. Ke3 Kd5 50. c3 f6 51. Kf4 Ra8 52. Kf3 g5 53. Ke3 f4+
54. gxf4 gxh4 55. f5 h3 56. Kf3 h2 57. Kg2 Ke4 58. d5 Kxf5 59. Kxh2 Ke5 60. Kh3
Kxd5 61. Kh4 Ke4 62. Kxh5 Kd3 63. Kg6 Kxc3 64. Kxf6 Kb3 65. Ra1 a2 66. Ke6 c3
67. Kf7 c2 68. Kf6 Kb2 69. Re1 a1=Q 70. Re7 Qf1+ 71. Kg7 c1=Q 72. Rb7+ Ka3 73.
Kg6 Qc6+ 74. Kh7 Qxb7+ 75. Kg6 Rg8+ 76. Kh5 Qh3# {Hossa checkmated} 0-1

[Event "ICS rated blitz match"]
[Site "204.178.125.65"]
[Date "2001.01.13"]
[Round "?"]
[White "Valg"]
[Black "Hossa"]
[Result "1-0"]
[WhiteElo "2854"]
[BlackElo "2532"]
[PlyCount "135"]
[EventDate "2001.??.??"]

1. d4 e6 2. c4 Bb4+ 3. Bd2 Bxd2+ 4. Qxd2 Nf6 5. Nc3 O-O 6. Nf3 d5 7. e3 Nc6 8.
Bd3 Nb4 9. O-O Nxd3 10. Qxd3 Bd7 11. Ne5 Qe7 12. e4 dxe4 13. Nxe4 Nxe4 14. Qxe4
Rab8 15. f4 b5 16. Rf2 bxc4 17. Nxc4 Bb5 18. Rc1 Rfd8 19. Ne5 Rb6 20. Rfc2 c6
21. b3 Qb4 22. Nxc6 Bxc6 23. Rxc6 Rxc6 24. Rxc6 Qd2 25. Rc2 Qd1+ 26. Kf2 g6 27.
g3 Rxd4 28. Qe2 Kg7 29. Qxd1 Rxd1 30. Ke3 Kf6 31. Rc7 a5 32. Rc5 Rd5 33. Rxd5
exd5 34. a3 Ke6 35. b4 axb4 36. axb4 Kd6 37. g4 Ke6 38. b5 f6 39. Kd4 Kd6 40.
b6 g5 41. b7 Kc7 42. f5 Kxb7 43. Kxd5 h6 44. Ke6 Kc7 45. Ke7 Kc6 46. Kxf6 Kd5
47. Kg6 Kc5 48. f6 Kd5 49. f7 h5 50. Kxh5 Ke6 51. f8=Q Kd5 52. Qd6+ Kc4 53.
Qd4+ Kb5 54. Qc5+ Ka6 55. Qb6+ Kxb6 56. Kxg5 Kc6 57. Kf6 Kd6 58. g5 Kd7 59. g6
Kd6 60. g7 Kd5 61. g8=Q+ Ke4 62. Qd8 Kf3 63. Qd4 Kg2 64. Qd2+ Kh1 65. Kg5 Kg1
66. Kg4 Kh1 67. Kg3 Kg1 68. Qg2# {Hossa checkmated} 1-0

[Event "ICS rated blitz match"]
[Site "204.178.125.65"]
[Date "2001.01.13"]
[Round "?"]
[White "Hossa"]
[Black "Valg"]
[Result "1-0"]
[WhiteElo "2528"]
[BlackElo "2858"]
[PlyCount "193"]
[EventDate "2001.??.??"]

1. e4 c5 2. Bc4 e6 3. Nc3 Nc6 4. Nf3 a6 5. d4 cxd4 6. Nxd4 Qc7 7. O-O Nf6 8.
Bg5 Nxd4 9. Qxd4 Bc5 10. Qd2 O-O 11. Bxf6 gxf6 12. Qh6 Bd4 13. Bb3 Qe5 14. Rad1
Bxc3 15. Rd3 Bxb2 16. Rg3+ Qxg3 17. hxg3 b5 18. c4 Rb8 19. Rd1 bxc4 20. Bxc4
Be5 21. f4 Bc3 22. g4 Rb4 23. Bd3 Bd4+ 24. Kh1 f5 25. Qg5+ Bg7 26. gxf5 f6 27.
Qh5 h6 28. Kh2 Rd4 29. Qe2 Kh8 30. Qb2 Rd6 31. Qb8 Rc6 32. fxe6 dxe6 33. Qa7
Rd8 34. Qe7 Rcd6 35. Be2 Rxd1 36. Bxd1 Rxd1 37. Qe8+ Kh7 38. Qxc8 Rd6 39. Qc5
Rd2 40. Qc4 Rd6 41. Qb4 Rd1 42. Qb6 e5 43. fxe5 fxe5 44. Qxa6 Rd2 45. Qe6 Rd3
46. a4 Ra3 47. Qf5+ Kg8 48. Qd7 Kh7 49. g3 Ra2+ 50. Kh3 Ra1 51. Qf5+ Kg8 52.
Qg6 Rh1+ 53. Kg4 Ra1 54. Kf5 Rf1+ 55. Ke6 Ra1 56. g4 Ra2 57. Qf7+ Kh7 58. Qe8
Ra3 59. Qd7 Kg6 60. Qf7+ Kh7 61. Qa7 Rg3 62. Qf2 Ra3 63. Kf7 Rc3 64. Qf5+ Kh8
65. Qe6 Rc7+ 66. Kg6 Bf8 67. Qxe5+ Rg7+ 68. Kxh6 Kg8 69. Kh5 Rh7+ 70. Kg5 Rg7+
71. Kf4 Rf7+ 72. Ke3 Ba3 73. a5 Bc1+ 74. Kd3 Bf4 75. Qe6 Kg7 76. a6 Bb8 77. g5
Ba7 78. g6 Rf3+ 79. Kc4 Rf1 80. Qe7+ Kxg6 81. Qxa7 Rc1+ 82. Kb5 Rb1+ 83. Kc6
Ra1 84. Kb7 Kh7 85. Qb6 Rf1 86. a7 Rf3 87. Qc7+ Kg6 88. a8=Q Rb3+ 89. Qb6+
Rxb6+ 90. Kxb6 Kg5 91. Qf8 Kg4 92. e5 Kg5 93. e6 Kg6 94. e7 Kg5 95. e8=Q Kg4
96. Qg6+ Kh4 97. Qh8# {Valg checkmated} 1-0

[Event "ICS rated blitz match"]
[Site "204.178.125.65"]
[Date "2001.01.13"]
[Round "?"]
[White "Hossa"]
[Black "Viveiros"]
[Result "1-0"]
[WhiteElo "2556"]
[BlackElo "2036"]
[PlyCount "55"]
[EventDate "2001.??.??"]

1. e4 c5 2. Bc4 e6 3. Nc3 a6 4. Nf3 Nc6 5. d3 g6 6. O-O Bg7 7. Bg5 Qc7 8. Qc1
h6 9. Bh4 Nge7 10. Bg3 d6 11. Qf4 Ne5 12. Nxe5 dxe5 13. Qd2 b5 14. Bb3 O-O 15.
Bh4 g5 16. Bg3 Rd8 17. Qe2 Bb7 18. h4 Rac8 19. hxg5 hxg5 20. Qh5 Bf6 21. Qh6
Bg7 22. Qxg5 c4 23. dxc4 b4 24. Nd1 Bxe4 25. Ne3 Nf5 26. Nxf5 Bxf5 27. Rfd1 Qc6
28. Rxd8+ {Viveiros resigns} 1-0

[Event "ICS rated blitz match"]
[Site "204.178.125.65"]
[Date "2001.01.13"]
[Round "?"]
[White "Hossa"]
[Black "PostModernist"]
[Result "1-0"]
[WhiteElo "2561"]
[BlackElo "2557"]
[PlyCount "99"]
[EventDate "2001.??.??"]

1. e4 e5 2. Nf3 Nc6 3. d4 exd4 4. Nxd4 Nf6 5. Nxc6 bxc6 6. e5 Qe7 7. Qe2 Nd5 8.
c4 Nb6 9. Nd2 Bb7 10. b3 a5 11. Nf3 a4 12. Rb1 Qe6 13. b4 c5 14. bxc5 Bxc5 15.
Ng5 Qe7 16. Be3 h6 17. Nf3 Bb4+ 18. Nd2 O-O 19. Qg4 Bxd2+ 20. Kxd2 Qxe5 21. Bd4
f5 22. Bxe5 fxg4 23. Bxc7 Rxf2+ 24. Kd3 Rxa2 25. Rxb6 Bxg2 26. Bxg2 Rxg2 27.
Rd6 Rf8 28. Rxd7 Rf3+ 29. Ke4 Re2+ 30. Kd5 Rd2+ 31. Kc6 Rf6+ 32. Bd6 a3 33. c5
a2 34. Kc7 Rfxd6 35. cxd6 Rxh2 36. Rd8+ Kf7 37. Rf1+ Kg6 38. Re8 Rc2+ 39. Kd8
g3 40. d7 g2 41. Re6+ Kh7 42. Rd1 Rd2 43. Ree1 Rb2 44. Ke8 a1=R 45. Rxa1 g1=Q
46. Rxg1 Re2+ 47. Kd8 Kg8 48. Ra6 Kf8 49. Kc7 Rc2+ 50. Rc6 {
PostModernist resigns} 1-0

[Event "ICS rated blitz match"]
[Site "204.178.125.65"]
[Date "2001.01.13"]
[Round "?"]
[White "Viveiros"]
[Black "Hossa"]
[Result "1-0"]
[WhiteElo "2048"]
[BlackElo "2577"]
[PlyCount "76"]
[EventDate "2001.??.??"]

1. Nf3 d5 2. d4 Nf6 3. e3 e6 4. a3 c5 5. b3 Nc6 6. Bb2 cxd4 7. exd4 Bd6 8. Nbd2
Bd7 9. Bd3 Qc7 10. Qe2 Bf4 11. g3 Bh6 12. O-O-O O-O 13. Kb1 a6 14. Ne5 b5 15.
f4 Rad8 16. Rdf1 Rb8 17. g4 b4 18. a4 g5 19. h4 gxf4 20. g5 Nxe5 21. dxe5 f3
22. Nxf3 Ng4 23. gxh6 Nxh6 24. Ng5 Nf5 25. Bxf5 h6 26. Qh5 exf5 27. Qxh6 Qxc2+
28. Kxc2 Rfc8+ 29. Kb1 Be6 30. Rhg1 Rc1+ 31. Bxc1 f6 32. exf6 Rb7 33. Nxe6+ Kf7
34. Ng5+ Ke8 35. Re1+ Kd8 36. Ne6+ Kd7 37. Rg7+ Kd6 38. Rxb7 d4 {Hossa resigns}
1-0

[Event "ICS Rated blitz match"]
[Site "204.178.125.65"]
[Date "2001.01.13"]
[Round "?"]
[White "sharkmeister"]
[Black "Hossa"]
[Result "0-1"]
[WhiteElo "1972"]
[BlackElo "2546"]
[PlyCount "74"]
[EventDate "2001.??.??"]

1. e4 c5 2. Nf3 Nc6 3. Nc3 e6 4. d4 cxd4 5. Nxd4 a6 6. Be3 d6 7. Be2 Nf6 8. O-O
Be7 9. f4 Qc7 10. Bf3 O-O 11. Kh1 Na5 12. Qe1 Nc4 13. Bc1 Bd7 14. b3 Qc5 15.
Qd1 Ne3 16. Bxe3 Qxc3 17. Re1 Bd8 18. Qd3 Ba5 19. Red1 Rac8 20. Rac1 Bb6 21.
Qxc3 Rxc3 22. Bg1 e5 23. Ne2 Rc6 24. c4 Bxg1 25. Kxg1 Bg4 26. fxe5 dxe5 27.
Bxg4 Nxg4 28. Rd7 Rb8 29. Ng3 Kf8 30. h3 Nf6 31. Rd2 Rbc8 32. Rdc2 Rd8 33. Kf2
Rcd6 34. Ke3 Rd3+ 35. Kf2 a5 36. c5 Rd2+ 37. Kf3 R8d3# {sharkmeister checkmated
} 0-1

[Event "ICS rated blitz match"]
[Site "204.178.125.65"]
[Date "2001.01.13"]
[Round "?"]
[White "Hossa"]
[Black "sharkmeister"]
[Result "1-0"]
[WhiteElo "2547"]
[BlackElo "1971"]
[PlyCount "63"]
[EventDate "2001.??.??"]

1. e4 c5 2. Bc4 e6 3. Nc3 Nc6 4. Nf3 d6 5. d4 cxd4 6. Nxd4 Nf6 7. O-O Be7 8.
Bg5 a6 9. Nxc6 bxc6 10. Qf3 d5 11. exd5 cxd5 12. Rfe1 O-O 13. Bb3 Bb7 14. Bf4
Qc8 15. Qd3 Rd8 16. Be5 Nd7 17. Bd4 Bf6 18. Bxf6 Nxf6 19. Qd4 Qc6 20. Re5 Qc7
21. Rg5 h6 22. Re5 Nd7 23. Ree1 Nc5 24. Rac1 Rd7 25. Ba4 Rdd8 26. b3 Nd7 27.
Bxd7 Rxd7 28. Na4 Rd6 29. Nc5 Bc8 30. c4 dxc4 31. Qe4 Qd8 32. Qxa8 {
sharkmeister resigns} 1-0

[Event "ICS rated blitz match"]
[Site "204.178.125.65"]
[Date "2001.01.13"]
[Round "?"]
[White "jazzman-cps"]
[Black "Hossa"]
[Result "0-1"]
[WhiteElo "2059"]
[BlackElo "2548"]
[PlyCount "46"]
[EventDate "2001.??.??"]

1. d4 d5 2. c4 dxc4 3. e3 Nf6 4. Bxc4 e6 5. Nf3 c5 6. Nc3 cxd4 7. exd4 Bd6 8.
O-O O-O 9. Be3 Ng4 10. h3 Qc7 11. hxg4 Qxc4 12. Qe2 Qxe2 13. Nxe2 Nc6 14. a3
Rd8 15. Rfd1 Bd7 16. Rac1 Na5 17. Nc3 Nc4 18. Rc2 Rac8 19. Ne4 Ba4 20. Nxd6
Bxc2 21. Nxc8 Bxd1 22. Nxa7 Be2 23. Nb5 Nxe3 {jazzman-cps resigns} 0-1

[Event "ICS rated standard match"]
[Site "204.178.125.65"]
[Date "2001.01.13"]
[Round "?"]
[White "ET2000"]
[Black "Hossa"]
[Result "1-0"]
[WhiteElo "2736"]
[BlackElo "2314"]
[PlyCount "79"]
[EventDate "2001.??.??"]

1. e4 c5 2. Nf3 Nc6 3. d4 cxd4 4. Nxd4 e6 5. Nc3 Qc7 6. Be3 Nf6 7. f4 Qb6 8. e5
Ng4 9. Bg1 Qxb2 10. Ncb5 Bb4+ 11. Ke2 Ba5 12. Rb1 Qxa2 13. Nd6+ Kf8 14. Nxc6
bxc6 15. Ra1 Ba6+ 16. Kf3 Qb2 17. Bxa6 Qc3+ 18. Bd3 Nxe5+ 19. fxe5 Qxe5 20. Nc4
Qh5+ 21. Kf2 Qxd1 22. Rxd1 Bc7 23. Ke2 Ke7 24. Bd4 f6 25. Rb1 d5 26. Rb7 dxc4
27. Bxc4 Kd6 28. Bf2 Bb8 29. Rd1+ Ke5 30. Rxg7 f5 31. Bd4+ Ke4 32. Bb2 Be5 33.
Bd3+ Kd5 34. Rd7+ Kc5 35. Ba3+ Kb6 36. Rb1+ Ka5 37. Bb4+ Ka4 38. c4 Bb2 39.
Rxb2 Rhg8 40. Bc2# {Hossa checkmated} 1-0